| 000 | 00601nam a2200205 a 4500 | ||
|---|---|---|---|
| 001 | 24326 | ||
| 003 | CO-ViMGA | ||
| 008 | 141112s2004 ck r 000 u spa d | ||
| 020 | _a9789500682435 | ||
| 040 |
_aCO-ViMGA _bspa _cCO-ViMGA |
||
| 082 | 0 | 4 | _a616.01 F671d |
| 100 | 1 |
_aForbes, Betty _935569 |
|
| 245 | 1 | 0 |
_aBailey & Scott; diagnóstico microbiológico / _cBetty Forbes; Daniel F. Sahm; Alice S. Weissfeld |
| 250 | _a12 | ||
| 260 |
_aColombia : _bEditorial Medica PanAméricana |
||
| 300 | _a1160 p. | ||
| 650 | 1 | 4 | _aMicrobiologia |
| 700 | 1 |
_aRondinone, Silvia; tr. _935570 |
|
| 942 |
_2ddc _cBK |
||
| 999 |
_c32314 _d32314 |
||